Sorrowful shores : violence, ethnicity, and the end of the Ottoman Empire, 1912-1923

Αποθηκεύτηκε σε:
Λεπτομέρειες βιβλιογραφικής εγγραφής
Κύριος συγγραφέας: Gingeras, Ryan
Μορφή: Βιβλίο
Γλώσσα:English
Δημοσίευση: Oxford ; New York : Oxford University Press, 2009
Σειρά:Oxford studies in modern European history
Θέματα:
Ετικέτες: Προσθήκη ετικέτας
Δεν υπάρχουν, Καταχωρήστε ετικέτα πρώτοι!

MARC

LEADER 00000nam a2200000 i 4500
001 1/43564
008 140304r20112009 eng d
020 |a 978-0-19-969834-9 (pbk.) 
035 |l 10116961 
040 |a GR-MY-UA  |b gre  |e aacr 
041 0 |a eng 
082 0 |a 956.02  |2 (22) 
100 1 |a Gingeras, Ryan. 
245 1 0 |a Sorrowful shores :  |b violence, ethnicity, and the end of the Ottoman Empire, 1912-1923 /  |c Ryan Gingeras 
260 |a Oxford ; New York :   |b Oxford University Press,   |c 2009 
300 |a xii, 256 σ.;  |c 25 εκ. 
490 1 |a Oxford studies in modern European history 
504 |a Περιλαμβάνει βιβλιογραφικές αναφορές (σ. [239]-252) και ευρετήριo 
650 0 0 |a Ethnic conflict  |z Turkey  |x History  |y 20th century. 
651 0 |a Turkey  |x History  |y Mehmed V, 1909-1918. 
651 0 |a Turkey  |x History  |y Revolution, 1918-1923. 
651 0 |a Turkey  |x Ethnic relations  |x History  |y 20th century. 
830 0 |a Oxford studies in modern European history 
852 |a INST  |b LESVOS  |e 20140304  |h 956.02 GIN  |p 005100053423  |q 005100053423  |t BK  |y 0 
901 |a BIBL1-2014-1 
909 |a Λ  |b 186661 
922 |a 1ΕΛΗ  |b 201211  |c ΤΜΗΜΑ ΚΟΙΝΩΝΙΚΗΣ ΑΝΘΡΩΠΟΛΟΓΙΑΣ ΚΑΙ ΙΣΤΟΡΙΑΣ  |d ΙΩΑΝΝΙΔΟΥ 
970 |a ΤΖΑΦΕΡΗ  |b ΕΥΑΓΓΕΛΙΑ  |z 2014/03/04